<?xml version="1.0" encoding="UTF-8"?>
<record
    xmlns:xsi="http://www.w3.org/2001/XMLSchema-instance"
    xsi:schemaLocation="http://www.loc.gov/MARC21/slim http://www.loc.gov/standards/marcxml/schema/MARC21slim.xsd"
    xmlns="http://www.loc.gov/MARC21/slim">

  <leader>00504nam a2200157Ia 4500</leader>
  <controlfield tag="008">230718s9999    xx            000 0 und d</controlfield>
  <datafield tag="020" ind1=" " ind2=" ">
    <subfield code="a">9780070601420</subfield>
  </datafield>
  <datafield tag="041" ind1=" " ind2=" ">
    <subfield code="a">eng</subfield>
  </datafield>
  <datafield tag="082" ind1=" " ind2=" ">
    <subfield code="a">621.395</subfield>
    <subfield code="b">BAL</subfield>
  </datafield>
  <datafield tag="100" ind1=" " ind2=" ">
    <subfield code="a">Balch M.</subfield>
    <subfield code="9">174009</subfield>
  </datafield>
  <datafield tag="245" ind1=" " ind2=" ">
    <subfield code="a">Complete Digital Design</subfield>
    <subfield code="b">A Comprehensive Guide To Digital Electronics And Computer System Architecture</subfield>
  </datafield>
  <datafield tag="260" ind1=" " ind2=" ">
    <subfield code="b">Tata Mc Graw-Hill</subfield>
  </datafield>
  <datafield tag="365" ind1=" " ind2=" ">
    <subfield code="c">Rs.</subfield>
    <subfield code="b">450.00</subfield>
  </datafield>
  <datafield tag="700" ind1=" " ind2=" ">
    <subfield code="a">Balch M.</subfield>
    <subfield code="9">174009</subfield>
  </datafield>
  <datafield tag="906" ind1=" " ind2=" ">
    <subfield code="d">O:0101318-Aug-2010B:110110027616-Jul-2010</subfield>
    <subfield code="c">ETC </subfield>
    <subfield code="b">90</subfield>
  </datafield>
  <datafield tag="999" ind1=" " ind2=" ">
    <subfield code="c">325517</subfield>
    <subfield code="d">325517</subfield>
  </datafield>
  <datafield tag="952" ind1=" " ind2=" ">
    <subfield code="0">0</subfield>
    <subfield code="1">0</subfield>
    <subfield code="4">0</subfield>
    <subfield code="7">0</subfield>
    <subfield code="a">CCEP</subfield>
    <subfield code="b">CCEP</subfield>
    <subfield code="d">2010-08-18</subfield>
    <subfield code="e">Varma Book Distributors</subfield>
    <subfield code="f">ETC </subfield>
    <subfield code="g">360.00</subfield>
    <subfield code="i">1101100276</subfield>
    <subfield code="l">0</subfield>
    <subfield code="o">621.395</subfield>
    <subfield code="p">CCEP-BK-36724</subfield>
    <subfield code="r">2023-07-18 00:00:00</subfield>
    <subfield code="t">90</subfield>
    <subfield code="v">450.00</subfield>
    <subfield code="w">2010-07-16</subfield>
    <subfield code="y">BK</subfield>
    <subfield code="z">036724</subfield>
  </datafield>
</record>
